Tilastot visalle Suurimmat espanjaa puhuvat kaupungit

Klikkaa tästä pelataksesi tätä visaa!

Yleistilastot

  • Tätä visaa on pelattu 470 kertaa
    (209 viimeisimmän päivityksen jälkeen)
  • Keskiarvotulos 16 / 25

Vastaustilastot

VäkilukuKaupunki% Oikein
6,85 milj.Madrid
99%
4,95 milj.Barcelona
98%
24,9 milj.México
94%
16,7 milj.Buenos Aires
92%
10,2 milj.Bogotá
86%
11,6 milj.Lima
86%
8,05 milj.Santiago de Chile
82%
3,78 milj.Caracas
77%
2,88 milj.Quito
74%
2,23 milj.La Paz
67%
4,23 milj.Medellín
67%
2,23 milj.Havanna
64%
5,75 milj.Guadalajara
61%
3,33 milj.Guatemala
55%
2,45 milj.Asunción
54%
2,43 milj.San José
54%
5,85 milj.Monterrey
53%
2,93 milj.Cali
52%
4,18 milj.Santo Domingo
51%
2,75 milj.Maracaibo
36%
4,18 milj.Puebla
36%
3,28 milj.Guayaquil
34%
2,33 milj.Santa Cruz
31%
2,65 milj.Toluca
27%
2,23 milj.León
23%

Tulosjakauma

Persentiili vastausten määrän mukaan

Jokaisen tuloksen saaneiden osuus

Tuloshistoriasi

Et ole pelannut tätä visaa sen viimeisimmän päivityksen jälkeen